| 000 | 01225cam a2200229 4500 | ||
|---|---|---|---|
| 001 | ABS62241 | ||
| 008 | 000000n2000 000 0 eng u | ||
| 035 | _a(Sirsi) u105933 | ||
| 100 | _aHarkin, F. | ||
| 245 | _aEvaluating quality in construction | ||
| 260 | _c2000 | ||
| 490 |
_aJournal of Financial Management of Property and Construction _v4(3) November 1999, 65-80(16) |
||
| 520 | _aThe importance of clients obtaining buildings built to budget, on time and to the required quality has been recognised by the recent proliferation of procurement systems and by an increasing use of project managers to oversee the design, construction and cost control processes. Research concludes that the public, clients and project managers do not understand what architects mean by good quality in architectural design; clients do not take responsibility for good design because they place little value on it and; as a result it tends to be poorly managed by clients and project managers. | ||
| 590 | _aABS | ||
| 650 | _aBUILT ENVIRONMENT-CONSTRUCTION DESIGN | ||
| 650 | _aQUALITY | ||
| 650 | _aCLIENTS BRIEF | ||
| 650 | _aDESIGN PROCESS | ||
| 690 |
_aProject management _96261 |
||
| 700 | _aGunning, J.G. | ||
| 942 | _n0 | ||
| 999 |
_c63430 _d63430 |
||